| 000 | 02424nam0a2200361 4500 | ||
|---|---|---|---|
| 001 | RU\NLR\BIBL_A\016366286 | ||
| 005 | 20230620193325.0 | ||
| 010 |
_a978-5-00222-010-6 _9200 |
||
| 021 |
_aRU _bКН-П-23-026019 _9КН-П-23-2590 |
||
| 035 | _a(NLR Aleph) 016366286 | ||
| 035 | _a(RuMoRGB)011744949 | ||
| 090 |
_a13167838 _c13167838 |
||
| 100 | _a20230512d2023 u y0rusy50 ca | ||
| 101 | 0 | _arus | |
| 102 | _aRU | ||
| 105 | _a c||z|||000zb | ||
| 181 | 0 |
_ai3 _baxxe |
|
| 182 | 0 | _an | |
| 200 | 1 |
_aИван Пырьев _eжизнь и фильмы народного режиссера _e[сборник] _fавтор-составитель: Сергей Алдонин |
|
| 203 |
_aТекст _bвизуальный _cнепосредственный |
||
| 210 |
_aМосква _cРодина _d2023 |
||
| 215 |
_a254, [1] с. _cил., портр. _d21 |
||
| 225 | 1 | _aКультурный слой | |
| 225 | 1 | _aМемуары, история, искусствоведение | |
| 330 | _aЕго называли "Иваном Грозным" советской культуры. Неуёмным, неукротимо энергичным. Иван Пырьев не только снимал фильмы, бившие рекорды популярности, но и создавал стиль советской жизни, в которой традиции старой России сочетались с верой в социализм и прогресс. Оптимистический настрой тех картин задавал тон для всей страны. Не менее интересен Пырьев как первый интерпретатор наследия Достоевского в кино. И при этом он имел свою точку зрения по каждому вопросу и отстаивал ее. Всё это есть в книге, которую вы держите в руках | ||
| 600 | 1 |
_aПырьев _bИ. А. _gИван Александрович _f1901 - 1968 _jСборники _2nlr_sh2 _3RU\NLR\AUTH\66577081 |
|
| 686 | 1 | _aЩ374.3(2Р)7-85Пырьев я43 | |
| 702 | 1 |
_aАлдонин _bС. _gСергей _4220 |
|
| 702 | 1 |
_aПырьев _bИ. А. _f1901-1968 _gИван Александрович _3RU\NLR\AUTH\7770821 _4300 |
|
| 942 | _cBOOK | ||
| 980 | _aNB | ||